000
00326pab a2200133 454500
008
180718b xxu||||| |||| 00| 0 eng d
100
_a
Bhatia, Prem
245
_a
Prime minister's "tactics"
650
_a
Prime Minister
650
_a
Narasimha Rao, P.V.
650
_a
Government, Central
773
_a
Tribune
909
_a
22636
999
_c
22636
_d
22636